00980nam a2200217 a 4500001001000000003000400010005001700014008004100031040002500072082001200097100005900109245019300168260007600361300002000437590002600457650003600483651004200519942001400561952017000575999001700745000030593OSt20240229073937.0110524s1956 dr r 000 | spa d aDO-SdBNPbspacBNPHU 4aF-RD 381 aTrujillo Molina, Rafael Leónidas,d 1891-196197676410aDiscurso pronunciado por su excelencia el generalísimo Doctor Rafael L. Trujillo Molina en la sesión inaugural, celebrada en el Palacio del Congreso Nacional, el 28 de febrero de 1956. aCiudad Trujillo, República Dominicana :bImpresora Dominicana,c1956. a10 p. ;c22 cm. aInventariado, 2018/LP 4aDiscursos presidenciales910061 4aRepública DominicanaxHistoria9170 2ddccLBS1 00102ddc718RVaPDbPDcCTd2011-05-24iLF1l0oF-RD 38 p30593-10r2020-06-25w2020-06-25y1zPerteneció a la biblioteca personal de Carlos Larrazábal Blanco. c30085d30085